Venticinque anni nella casa sulla cascata

Guardat en:
Dades bibliogràfiques
Autor principal: Wright, Frank Lloyd (Autor)
Format: Llibre
Idioma:italià
Publicat: Milán Etas 1962
Matèries:
Etiquetes: Afegir etiqueta
Sense etiquetes, Sigues el primer a etiquetar aquest registre!

MARC

LEADER 00000nam a2200000 a 4500
001 UCS6633
003 CL-VaPUC
008 970926e19620000IT |||||||||||||||||ita|d
082 0 4 |a 728.8  |b WRI  |2 21 
100 0 |a Wright, Frank Lloyd  |e author  |9 266860 
245 1 0 |a Venticinque anni nella casa sulla cascata 
300 |a 63 p 
942 |c BK 
945 |d 19970926 00:00:00  |a rleighto 
260 |a Milán  |b Etas  |c 1962 
650 0 |a Arquitectura  |9 804558 
650 0 |a Arquitectos   |9 268647 
650 7 |a ESTILOS ARQUITECTONICOS  |2 CL-VaPUC  |9 372532 
650 0 |a Vivienda  |9 258662 
650 0 |a Diseño arquitectónico   |9 265271 
583 |a last modification  |c 19970926 00:00:00  |k Rodrigo Vera 
999 |c 262278  |d 262276 
952 |0 0  |1 0  |4 0  |6 728_800000000000000_WRI_1962  |7 0  |8 A  |9 290551  |a BIBARQ  |b BIBARQ  |d 2019-11-19  |i 3279529  |o 728.8 WRI 1962  |p 3279529  |r 2025-01-20  |w 2019-11-19  |y BK  |k ARQ